000 00580cam a2200181 a 4500
001 000009623
005 20200929161639.0
008 820723s1967 mx 001 f spa
040 _aDO-SdBNP
_dBNPHU
082 _aM863.44
_bS765t
100 1 _aSpota, Luis
_q(Luis Mario Cayetano Spota Saavedra Ruotti Castañares),
_d1925-1985.
_924475
245 1 3 _aEl tiempo de la ira /
_cLuis Spota.
260 _aMéxico :
_bDiana,
_c1967.
300 _a493 p. ;
_c22 cm.
650 4 _aNovela mexicana
_93959
650 4 _aLiteratura mexicana
_ySIGLO XX
_99216
910 _aCatalogación derivada.
999 _c9383
_d9383